00835nam a2200157Ia 4500008004100000020001800041082001800059100004300077245016400120260002000284300001000304500005700314650019700371952009200568999001700660120629s9999 xx 000 0 und d a970-665-173-X a382.672 M538c aMéndez Ladrón de Guevara, Maricruz aContribuciones y aprovechamiento derivados del comercio exterior : una alternativa para comercializar con el extranjero / Maricruz Méndez Ladrón de Guevara aMéxico : IMCP a267 p aAnexo, bibliografia, conclusión y recomendaciones a1. COMERCIO EXTERIOR-REGULACION-MEXICO \ 2. COMERCIO EXTERIOR-PROMOCION-MEXICO \ 3. ARANCELES-MEXICO \ 4. CULTURA CORPORATIVA-MEXICO \ 5. MEXICO-COMERCIO \ 6. MEXICO-POLITICA COMERCIALÌ 00104070a15b15d2008-04-04l0o382.672 M538Cp15 002712r2017-12-07w2012-06-28yLB c76206d76206